| 000 | 00909nam a22002417a 4500 | ||
|---|---|---|---|
| 005 | 20100819153022.0 | ||
| 010 | _aENG-100975 | ||
| 020 |
_a9780415550710 _c895.00 |
||
| 035 | _aEN-84508 | ||
| 037 | _bDBAD/PUB | ||
| 082 | _a342.5029 | ||
| 245 |
_aPolitical governance and minority rights : _bthe South and South-East Asian scenario / _cedited by Lipi Ghosh |
||
| 260 |
_aNew Delhi _bRoutledge _c2009 |
||
| 270 |
_a912-915 Tolstoy House, 15-17 Tolstoy Marg _bNew Delhi _e110001 |
||
| 300 |
_axlii,349p. _c23cm (Hb) |
||
| 500 | _aIncludes index | ||
| 650 |
_aMinority _915281 |
||
| 650 |
_aMinority-Civil rights _915282 |
||
| 650 |
_aPolitical science _zSouth Asia _915283 |
||
| 700 |
_aGhosh, Lipi _915284 |
||
| 942 |
_2ddc _cEN _h342.5029 _mPOL |
||
| 999 |
_c42590 _d42590 |
||